International directory o Social Science organizations 1981-1982 /
Guardado en:
| Autores Corporativos: | , |
|---|---|
| Format: | Texto |
| Udgivet: |
Copenhagen:
IFSSO
|
| Tags: |
Tilføj Tag
Ingen Tags, Vær først til at tagge denne postø!
|
MARC
| LEADER | 00000 a a2200000 04500 | ||
|---|---|---|---|
| 001 | 22226 | ||
| 003 | |||
| 040 | |||
| 090 | |a 150800 | ||
| 110 | |a International Federation of Social Science Organizations | ||
| 245 | |a International directory o Social Science organizations 1981-1982 / |c International Federation of Social Science Organizations | ||
| 260 | |a Copenhagen: |b IFSSO | ||
| 300 | |a 155 p. | ||
| 710 | |a IFSSI | ||
| 999 | |c 9450 |d 9450 | ||
